|
|
|
|
| LEADER |
00991nam a2200277 a44500 |
| 001 |
6454 |
| 003 |
BD-DhAAL |
| 008 |
090429s1980nyua b 001 0 eng d |
| 999 |
|
|
|c 275
|d 275
|
| 010 |
|
|
|a \\\72127678
|
| 020 |
|
|
|a 0120603012 (v. 1)
|
| 040 |
|
|
|a DLC
|c DLC
|d DLC
|d BD-DhAAL
|
| 082 |
0 |
0 |
|a 615.1
|
| 245 |
0 |
0 |
|a Drug design /
|c Edited by E. J. Ariëns.
|
| 260 |
|
|
|a New York :
|b Academic Press,
|c 1980
|
| 300 |
|
|
|a xix, 355 pages :
|b illustrations ;
|c 24 cm.
|
| 490 |
1 |
|
|a Medicinal chemistry ;
|v v. 9
|
| 504 |
|
|
|a Includes bibliographical references and index.
|
| 541 |
1 |
|
|e 6454
|
| 650 |
|
0 |
|a Pharmacology.
|9 41567
|
| 650 |
|
0 |
|a Pharmaceutical chemistry.
|9 41568
|
| 650 |
|
0 |
|a Pharmacy.
|9 43825
|
| 700 |
1 |
|
|a Ariëns, E. J.
|q (Everhardus Jacobus),
|e ed.
|9 41569
|
| 852 |
4 |
|
|a Ayesha Abed Library
|j General Stacks
|
| 942 |
|
|
|2 ddc
|c BK
|
| 952 |
|
|
|0 0
|1 4
|2 ddc
|4 0
|6 615_100000000000000_DRU
|7 0
|9 17644
|a BRACUL
|b BRACUL
|c GEN
|d 2011-07-26
|l 0
|o 615.1 DRU
|p 3010006454
|r 2011-07-26
|t 1
|w 2011-07-26
|y BK
|x Koha Inventory 2020
|